LEADER 01079nam1-22003371i-450- 001 990005401090203316 005 20010829120000.0 035 $a000540109 035 $aUSA01000540109 035 $a(ALEPH)000540109USA01 035 $a000540109 100 $a20010829d1987-------|0itac50------ba 101 $aita 102 $aIT 105 $a|||| ||||| 200 1 $aEuroamericani 210 $aTorino$cFondazione Giovanni Agnelli$d1987. - 3 v. ; 22 cm 463 \1$1001990005407020203316$12001 $a<> popolazione di origine italiana in Brasile 463 \1$1001990005407030203316$12001 $a<> popolazione di origine italiana in Argentina 463 \1$1001990005407040203316$12001 $a<> popolazione di origine italiana negli Stati Uniti 606 $aImmigrati italiani$xAmerica$2FI 620 $dTorino 676 $a305.85107$v21 712 $aFondazione Giovanni Agnelli 801 $aIT$bSOL$c20120104 912 $a990005401090203316 959 $aBK 969 $aDISES 979 $c20121027$lUSA01$h1531 996 $aEuroamericani$957939 997 $aUNISA LEADER 00786nam0-22002771i-450- 001 990005419360403321 005 20050419134839.0 035 $a000541936 035 $aFED01000541936 035 $a(Aleph)000541936FED01 035 $a000541936 100 $a19990604d1944----km-y0itay50------ba 101 0 $aita 105 $ay-------001yy 200 1 $aLeggenda e realta di Napoleone$fdi Luigi Salvatorelli 210 $aRoma$cDe Silva$d1944 215 $a184 p.$d20 cm 676 $a944.05092$v21$zita 700 1$aSalvatorelli,$bLuigi$f<1886-1974>$07054 801 0$aIT$bUNINA$gRICA$2UNIMARC 901 $aBK 912 $a990005419360403321 952 $a944.05 NAP 2$bST.MED.MOD.2664$fFLFBC 959 $aFLFBC 996 $aLeggenda e realtà di Napoleone$9193501 997 $aUNINA